Economics (Record no. 5799)
[ view plain ]
| 005 - DATE AND TIME OF LATEST TRANSACTION | |
|---|---|
| control field | 20250628053302.0 |
| 020 ## - INTERNATIONAL STANDARD BOOK NUMBER | |
| International Standard Book Number | 0-07-254902-5 |
| 082 ## - DEWEY DECIMAL CLASSIFICATION NUMBER | |
| Classification number | 330 COL |
| 100 ## - MAIN ENTRY--PERSONAL NAME | |
| Author name | COLANDER, C . D |
| 245 ## - TITLE STATEMENT | |
| Title | Economics |
| 250 ## - EDITION STATEMENT | |
| Edition statement | 5th Ed. |
| 260 ## - PUBLICATION, DISTRIBUTION, ETC. | |
| Place of publication, distribution, etc. | Boston |
| Name of publisher, distributor, etc. | McGraw-Hill Irwin |
| Date of publication, distribution, etc. | 2004. |
| 300 ## - PHYSICAL DESCRIPTION | |
| Extent | xxxvi,810p.: ill.; figures |
| Other physical details | Appendix, Index, Glossary |
| Dimensions | 26cm |
| 942 ## - ADDED ENTRY ELEMENTS (KOHA) | |
| Source of classification or shelving scheme | Dewey Decimal Classification |
| Koha item type | Books |
| Date last seen | Total checkouts | Full call number | Barcode | Price effective from | Koha item type | Lost status | Source of classification or shelving scheme | Damaged status | Not for loan | Withdrawn status | Home library | Current library | Shelving location | Date acquired | Source of acquisition |
|---|---|---|---|---|---|---|---|---|---|---|---|---|---|---|---|
| 06/28/2025 | 330 COL | MZA0002405 | 06/28/2025 | Books | Dewey Decimal Classification | CBE Mwanza | CBE Mwanza | General Collection | 07/17/2017 | Library Budget | |||||
| 06/28/2025 | 330 COL | MZA0002406 | 06/28/2025 | Books | Dewey Decimal Classification | CBE Mwanza | CBE Mwanza | General Collection | 07/17/2017 | Library Budget | |||||
| 06/28/2025 | 330 COL | MZA0002407 | 06/28/2025 | Books | Dewey Decimal Classification | CBE Mwanza | CBE Mwanza | General Collection | 07/17/2017 | Library Budget | |||||
| 06/28/2025 | 330 COL | MZA0002408 | 06/28/2025 | Books | Dewey Decimal Classification | CBE Mwanza | CBE Mwanza | General Collection | 07/17/2017 | Library Budget | |||||
| 06/28/2025 | 330 COL | MZA0002409 | 06/28/2025 | Books | Dewey Decimal Classification | CBE Mwanza | CBE Mwanza | General Collection | 07/17/2017 | Library Budget | |||||
| 06/28/2025 | 330 COL | MZA0002410 | 06/28/2025 | Books | Dewey Decimal Classification | CBE Mwanza | CBE Mwanza | General Collection | 07/17/2017 | Library Budget |
